Detalles MARC
| 000 -LEADER |
| fixed length control field |
01578nam a2200433Ii 4500 |
| 001 - CONTROL NUMBER |
| control field |
DIGPUCP103 |
| 003 - CONTROL NUMBER IDENTIFIER |
| control field |
NyNyDIG |
| 006 - FIXED-LENGTH DATA ELEMENTS--ADDITIONAL MATERIAL CHARACTERISTICS |
| fixed length control field |
m o d |
| 007 - PHYSICAL DESCRIPTION FIXED FIELD--GENERAL INFORMATION |
| fixed length control field |
cr ||||||||||| |
| 008 - FIXED-LENGTH DATA ELEMENTS--GENERAL INFORMATION |
| fixed length control field |
130601s2010 pe ac ob 010 0 spa d |
| 020 ## - INTERNATIONAL STANDARD BOOK NUMBER |
| Canceled/invalid ISBN |
9789972429224 |
| 020 ## - INTERNATIONAL STANDARD BOOK NUMBER |
| Canceled/invalid ISBN |
9972429229 |
| 035 ## - SYSTEM CONTROL NUMBER |
| System control number |
(OCoLC)888275005 |
| 040 ## - CATALOGING SOURCE |
| Original cataloging agency |
DGITA |
| Language of cataloging |
eng |
| Description conventions |
pn |
| Transcribing agency |
DGITA |
| 043 ## - GEOGRAPHIC AREA CODE |
| Geographic area code |
s-pe--- |
| 050 14 - LIBRARY OF CONGRESS CALL NUMBER |
| Classification number |
KHQ3003 eBook |
| 245 00 - TITLE STATEMENT |
| Title |
Teoría económica y desarrollo social : |
| Remainder of title |
exclusión, desigualdad y democracia : homenaje a Adolfo Figueroa / |
| Statement of responsibility, etc. |
Félix Jiménez, editor. |
| 250 ## - EDITION STATEMENT |
| Edition statement |
1a. ed. |
| 264 #1 - PRODUCTION, PUBLICATION, DISTRIBUTION, MANUFACTURE, AND COPYRIGHT NOTICE |
| Place of production, publication, distribution, manufacture |
Lima, Peru : |
| Name of producer, publisher, distributor, manufacturer |
Pontificia Universidad Católica del Perú, Fondo Editorial, |
| Date of production, publication, distribution, manufacture, or copyright notice |
2010. |
| 300 ## - PHYSICAL DESCRIPTION |
| Extent |
1 online resource (388 pages) : |
| Other physical details |
ill. port. |
| 336 ## - CONTENT TYPE |
| Content type term |
text |
| Content type code |
txt |
| Source |
rdacontent |
| 337 ## - MEDIA TYPE |
| Media type term |
computer |
| Media type code |
c |
| Source |
rdamedia |
| 338 ## - CARRIER TYPE |
| Carrier type term |
online resource |
| Carrier type code |
cr |
| Source |
rdacarrier |
| 500 ## - GENERAL NOTE |
| General note |
"Bibliografía temática de Adolfo Figueroa" (p. [377]-383). |
| 504 ## - BIBLIOGRAPHY, ETC. NOTE |
| Bibliography, etc. note |
Includes bibliographical references. |
| 600 10 - SUBJECT ADDED ENTRY--PERSONAL NAME |
| Personal name |
Figueroa, Adolfo. |
| 650 #0 - SUBJECT ADDED ENTRY--TOPICAL TERM |
| Topical term or geographic name entry element |
Income distribution. |
| 650 #0 - SUBJECT ADDED ENTRY--TOPICAL TERM |
| Topical term or geographic name entry element |
Distribution (Economic theory) |
| 650 #0 - SUBJECT ADDED ENTRY--TOPICAL TERM |
| Topical term or geographic name entry element |
Economic development |
| General subdivision |
Social aspects. |
| 650 #0 - SUBJECT ADDED ENTRY--TOPICAL TERM |
| Topical term or geographic name entry element |
Marginality, Social. |
| 655 #0 - INDEX TERM--GENRE/FORM |
| Genre/form data or focus term |
Electronic books. |
| 700 1# - ADDED ENTRY--PERSONAL NAME |
| Personal name |
Figueroa, Adolfo. |
| 700 1# - ADDED ENTRY--PERSONAL NAME |
| Personal name |
Jiménez, Félix. |
| 791 2# - |
| -- |
Digitalia (Firm), |
| -- |
distributor. |
| 793 0# - |
| -- |
Digitalia eBook Collection: |
| -- |
Pontificia Universidad Católica del Perú. |
| 856 40 - ELECTRONIC LOCATION AND ACCESS |
| Materials specified |
Digitalia Hispánica |
| Uniform Resource Identifier |
<a href="https://www.digitaliapublishing.com/a/9834/">https://www.digitaliapublishing.com/a/9834/</a> |
| 910 ## - USER-OPTION DATA (OCLC) |
| User-option data |
Premium Collection: 2007-2012 |
| 942 ## - ADDED ENTRY ELEMENTS (KOHA) |
| Koha item type |
Recurso Electrónico |